Význam tretích krajín vo vonkajších ekonomických vzťahoch Slovenskej republiky diplomová práca

Saved in:
Bibliographic Details
Main Author: Blechová, Karolína
Corporate Author: Obchodná fakulta EU. Katedra medzinárodného obchodu
Other Authors: Kašťáková, Elena, 1974-
Format: Book
Language:Slovak
Published: Bratislava 2021
Tags: Add Tag
No Tags, Be the first to tag this record!

MARC

LEADER 00000nbm a2200000 4500
001 0274366
005 20220210094359.8
041 0 |a slo 
044 |a SK 
245 1 0 |a Význam tretích krajín vo vonkajších ekonomických vzťahoch Slovenskej republiky  |b diplomová práca  |c Karolína Blechová ; školiteľ: Elena Kašťáková 
264 1 |a Bratislava  |c 2021 
300 |a 72 s. 
100 1 |a Blechová, Karolína 
700 1 |a Kašťáková, Elena, 1974- 
710 2 |a Obchodná fakulta EU. Katedra medzinárodného obchodu